Movies With Song Titles - Statistics

General Stats
  • This quiz has been taken 61 times
  • The average score is 8 of 15
Answer Stats
Year Movie Artist Song Year % Correct
2018 Bohemian Rhapsody Queen 1975
91%
2008 Mamma Mia! ABBA 1975
89%
1984 Purple Rain Prince 1984
78%
2019 Rocketman Elton John 1972
73%
1999 American Pie Don McLean 1971
69%
2002 Sweet Home Alabama Lynyrd Skynyrd 1974
60%
1968 Yellow Submarine The Beatles 1966
56%
2019 Yesterday The Beatles 1965
56%
1986 Stand by Me Ben E. King 1961
51%
1990 Pretty Woman Roy Orbison and the Candy Men 1964
47%
1983 Flashdance Irena Cara 1983
40%
1991 My Girl The Temptations 1964
33%
1995 It Takes Two Rob Base and DJ E-Z Rock 1988
7%
1997 Boogie Nights Heatwave 1977
4%
2022 Glass Onion The Beatles 1968
2%
No matching quizzes found
Score Distribution
Percent of People with Each Score
Percentile by Number Answered
Your Score History
You have not taken this quiz